|
|
|
|
| LEADER |
01247nam a2200301 a 4500 |
| 001 |
4032304 |
| 008 |
090707s1999 ncu b 001 0 eng d |
| 010 |
|
|
|a 98008840
|
| 020 |
|
|
|a 0822322773 (alk. paper)
|
| 020 |
|
|
|a 082232296X (pbk. : alk. paper)
|
| 040 |
|
|
|a DLC
|c DLC
|d DLC
|
| 082 |
0 |
0 |
|a 810.9/112
|2 21
|
| 100 |
1 |
|
|a Levin, Jonathan,
|d 1960-
|
| 245 |
1 |
4 |
|a The poetics of transition :
|b Emerson, pragmatism & American literary modernism /
|c Jonathan Levin.
|
| 260 |
|
|
|a Durham, N.C. :
|b Duke University Press,
|c 1999.
|
| 300 |
|
|
|a xviii, 222 p. ;
|c 24 cm.
|
| 490 |
1 |
|
|a New Americanists
|
| 504 |
|
|
|a Includes bibliographical references (p. 199-216) and index.
|
| 541 |
1 |
|
|e 00016547
|
| 650 |
|
0 |
|a American literature
|y 20th century
|x History and criticism.
|
| 650 |
|
0 |
|a Modernism (Literature)
|z United States.
|
| 650 |
|
0 |
|a Influence (Literary, artistic, etc.)
|
| 650 |
|
0 |
|a Pragmatism in literature.
|
| 600 |
1 |
0 |
|a Emerson, Ralph Waldo,
|d 1803-1882
|x Philosophy.
|
| 600 |
1 |
0 |
|a Emerson, Ralph Waldo,
|d 1803-1882
|x Influence.
|
| 852 |
4 |
|
|a Ayesha Abed Library
|j General shelf
|
| 999 |
|
|
|c 2120
|d 2120
|
| 952 |
|
|
|0 0
|1 0
|2 ddc
|4 0
|6 810_911200000000000_LEV
|7 0
|9 1950
|a BRACUL
|b BRACUL
|c GEN
|d 2009-07-07
|l 0
|o 810.9112 LEV
|p 3010016547
|r 2009-07-07
|t 1
|w 2009-07-07
|y BK
|